Essentials of sociology

Essentials of Sociology moves students beyond their individual experiences by highlighting the macro social forces at work in our everyday lives. New “Digital Life” features in the Fifth Edition encourage students to think critically about how the Internet and smartphones are transforming the way we...

全面介绍

Đã lưu trong:
书目详细资料
格式: 图书
语言:Undetermined
出版: New York W. W. Norton & Company 2015
主题:
标签: 添加标签
没有标签, 成为第一个标记此记录!
Thư viện lưu trữ: Trung tâm Học liệu Trường Đại học Cần Thơ
LEADER 00994nam a2200181Ia 4500
001 CTU_231384
008 210402s9999 xx 000 0 und d
082 |a 301 
082 |b E78 
245 0 |a Essentials of sociology 
245 0 |c Anthony Giddens ... [et al.] 
260 |a New York 
260 |b W. W. Norton & Company 
260 |c 2015 
520 |a Essentials of Sociology moves students beyond their individual experiences by highlighting the macro social forces at work in our everyday lives. New “Digital Life” features in the Fifth Edition encourage students to think critically about how the Internet and smartphones are transforming the way we date, manage our health, and even practice religion. Innovative pedagogy, including end-of-chapter concept maps and a goal-focused organization, help students master the core concepts and see the big picture. 
650 |a Xã hội học,Sociology 
910 |b vtbtruc 
980 |a Trung tâm Học liệu Trường Đại học Cần Thơ